000 00664nam a2200205Ia 4500
003 GCL
008 140319s9999 xx 000 0 ara d
020 _a4799101977
040 _aGCL /
_cGCL
082 0 4 _a811.082
_bا ف
100 1 _aاحمد تيمور
245 1 0 _aفلسطين يا وجع العالمين /
_cاحمد تيمور
250 _aالاولى
260 _aالقاهرة :
_bالهيئة المصرية العامة للكتاب ،
_c2002
300 _a158 ص ؛
_c20 سم
490 _aمكتبة الاسرة
_v0
650 0 4 _aالشعر العربى
650 0 4 _aالشعرالعربى - دواوين وقصائد
942 _2ddc
_cBK
999 _c6846
_d6846